000 00792nam a2200253 a 4500
001 45128
003 BD-RjUL
005 20211209053952.0
008 160723s1949 nyu ab 000 0 eng d
035 _a(BD-RjUL)45246
040 _aNNC
_cNNC
_beng
_dBD-RjUL
041 _aeng
082 _223
_a108.2
_bREA 1949
245 0 0 _aReadings in philosophical analysis /
_cselected and edited by Herbert Feigl and Wilfrid Sellars
260 _aNew York :
_bAppleton-Century-Crofts,
_cc1949.
300 _ax, 626 p. ;
_c25 cm.
490 1 _aThe Century philosophy series
504 _aBibliography: p. [617]-626.
650 0 _aPhilosophy.
_9138251
700 1 _aSellars, Wilfrid.
_9138252
700 1 _aFeigl, Herbert
_9138253
830 0 _aCentury philosophy series.
_9138254
942 _2ddc
_cBK
999 _c45128
_d45128